[Event "Yalta Yialos Rapid"]
[Site "Yalta"]
[Date "2022.08.03"]
[Round "9"]
[White "Koniushok, Efrem"]
[Black "Ivanov, Maxim1111"]
[Result "1-0"]
[WhiteElo "1351"]
[BlackElo "1704"]
[PlyCount "95"]
[EventDate "2022.08.01"]
[EventType "swiss (rapid)"]
[EventRounds "11"]
[EventCountry "UKR"]
[SourceTitle "EXT 2023"]
[Source "ChessBase"]
[SourceDate "2022.10.05"]
[SourceVersion "1"]
[SourceVersionDate "2022.10.05"]
[SourceQuality "1"]

1. c4 f5 2. g3 Nf6 3. Nc3 g6 4. Bg2 Bg7 5. Nf3 0-0 6. 0-0 d6 7. d4 Nc6 8. Bf4 Nh5 9. Bg5 h6 10. Bd2 e5 11. dxe5 dxe5 12. e4 Be6 13. Nh4 Qe8 14. Nd5 Bxd5 15. cxd5 Nd4 16. Rc1 c6 17. exf5 gxf5 18. Be3 cxd5 19. Bxd5+ Kh8 20. Bxd4 exd4 21. Re1 Qd7 22. Ng6+ Kh7 23. Nxf8+ Rxf8 24. Be6 Qb5 25. Qxh5 d3 26. Bc4 Qd7 27. Rcd1 d2 28. Re2 Qd4 29. Bb3 f4 30. Rexd2 Qb6 31. Bc2+ Kg8 32. Bb3+ Kh7 33. Bc2+ Kg8 34. Qg6 fxg3 35. Qxb6 gxh2+ 36. Kxh2 axb6 37. Kg2 h5 38. Rd8 Kf7 39. Rxf8+ Bxf8 40. Rd7+ Ke6 41. Rxb7 Bc5 42. b4 Bd4 43. a4 Kd6 44. a5 bxa5 45. bxa5 h4 46. a6 Kc6 47. Be4+ Kd6 48. a7 1-0

[Event "Yalta Yialos Rapid"]
[Site "Yalta"]
[Date "2022.08.03"]
[Round "11"]
[White "Koniushok, Efrem"]
[Black "Lugovskoy, Maxim"]
[Result "0-1"]
[WhiteElo "1351"]
[BlackElo "2397"]
[PlyCount "78"]
[EventDate "2022.08.01"]
[EventType "swiss (rapid)"]
[EventRounds "11"]
[EventCountry "UKR"]
[SourceTitle "EXT 2023"]
[Source "ChessBase"]
[SourceDate "2022.10.05"]
[SourceVersion "1"]
[SourceVersionDate "2022.10.05"]
[SourceQuality "1"]

1. c4 e6 2. g3 d5 3. b3 c5 4. cxd5 Qxd5 5. Nf3 Nc6 6. Nc3 Qd8 7. Bg2 Nf6 8. 0-0 Be7 9. Bb2 0-0 10. Rc1 Rb8 11. d3 b6 12. a3 Bb7 13. Qc2 Rc8 14. Qb1 Qd7 15. Rfd1 Rfd8 16. e3 Qc7 17. b4 cxb4 18. axb4 Qb8 19. b5 Na5 20. h4 h6 21. e4 Ng4 22. d4 Nc4 23. Ba1 Ba3 24. Rc2 Bf8 25. d5 Na3 26. Qb3 Nxc2 27. Qxc2 Bc5 28. Nd4 e5 29. Nf5 g6 30. Ne3 Bxe3 31. fxe3 Nxe3 32. Qd2 Nxd1 33. Nxd1 Qd6 34. Kh2 Kh7 35. Ne3 h5 36. g4 Qf6 37. Kh3 Rc5 38. gxh5 Qf4 39. Qe2 Bc8+ 0-1

[Event "Alushta Rapid op"]
[Site "Alushta"]
[Date "2022.07.04"]
[Round "5"]
[White "Vasilevich, Tatjana"]
[Black "Koniushok, Efrem"]
[Result "1-0"]
[WhiteElo "2326"]
[BlackElo "1351"]
[PlyCount "61"]
[EventDate "2022.07.03"]
[EventType "swiss (rapid)"]
[EventRounds "11"]
[EventCountry "UKR"]
[SourceTitle "CBM 209 Extra"]
[Source "ChessBase"]
[SourceDate "2022.09.30"]
[SourceVersion "1"]
[SourceVersionDate "2022.09.30"]
[SourceQuality "1"]

1. d4 Nf6 2. c4 e6 3. g3 Bb4+ 4. Nd2 0-0 5. Bg2 d5 6. Qc2 b6 7. Ngf3 Bb7 8. 0-0 Nc6 9. a3 Be7 10. b4 Bd6 11. c5 bxc5 12. dxc5 Be5 13. Rb1 Nd7 14. b5 Nd4 15. Nxd4 Bxd4 16. c6 Ne5 17. cxb7 Rb8 18. Nb3 Bb6 19. a4 Nc4 20. e4 h5 21. exd5 exd5 22. Rd1 Qf6 23. Bxd5 Ne5 24. a5 Rbd8 25. b8Q Rxb8 26. axb6 cxb6 27. Bb2 Rfe8 28. f4 h4 29. Bxe5 Rxe5 30. fxe5 Qxe5 31. Qe4 1-0